01695nam a2200313 a 4500001001000000005001700010008004100027020001500068041001100083044000600094050002100100245026700121260007600388300004600464500003300510500026000543500007600803500013200879504003101011546003501042610005701077650004201134650003301176650004601209700003201255700001801287710003701305740003901342BRCA_349620190320204317.0150709s2002----u--a######---#000-0#eng-# a0890901074 aengspa au 4aN6553b.G73 200210aThe Grandeur of Viceregal MexicobTreasures from the Museo Franz Mayer = La grandeza del México virreinal : tesoros del Museo Franz Mayercby Héctor Rivero Borrell Miranda ... [et al.] ; with a foreword by Héctor Rivero Borrell Miranda and Peter C. Marzio. aHouston, Tex. ; MéxicobMuseum of Fine Arts : Museo Franz Mayerc2002 axi, 367 p.bil. (algunas a color)c31 cm. aIncluye índice analítico aCatálogo de la exposición realizada en The Museum of Fine Arts (Houston), 24 marzo - 4 agosto, 2002, en The Henry Francis du Pont Winterthur Museum (Delaware), 19 octubre, 2002 - 12 enero, 2003 y en The San Diego Museum of Art, 9 marzo - 25 mayo, 2003 aIncluye 133 fotografías descritas de piezas representativas del museo aLa biblioteca cuenta con 3 ejemplares: ej.1 encuadernado, enero 2013; ej.3 donado por Elsa Barberena y se encuentra en el L. 68 aBibliografía: p. 363-364 aTexto en: inglés y español24aMuseo Franz Mayer (Ciudad de México)vExposiciones14aArte colonialvExposicioneszMéxico14aArtevExposicioneszMéxico14aArtes decorativasvExposicioneszMéxico1 aRivero Borrell M., Héctor1 aMarzio, Peter2 aThe Museum of Fine Arts, Houston0 aLa grandeza del México virreinal